LIBRARY & INFORMATION CENTRE, KCAET, TAVANUR

ONLINE PUBLIC ACCESS CATALOGUE (OPAC)

History of English drama 1660-1900 Vol-5 / (Record no. 11388)

MARC details
000 -LEADER
fixed length control field 00397cam a2200145ua 4500
041 ## - LANGUAGE CODE
Language code of text/sound track or separate title eng
082 ## - DEWEY DECIMAL CLASSIFICATION NUMBER
Classification number 828.09
Item number NIC/HI
100 ## - MAIN ENTRY--AUTHOR NAME
Personal name Nicoll, Allardyce .
245 ## - TITLE STATEMENT
Title History of English drama 1660-1900 Vol-5 /
260 ## - PUBLICATION, DISTRIBUTION, ETC. (IMPRINT)
Place of publication Cambridge :
Name of publisher Cambridge University Press ,
Year of publication 1967.
300 ## - PHYSICAL DESCRIPTION
Number of Pages 901 ; .
942 ## - ADDED ENTRY ELEMENTS (KOHA)
Koha item type Books
Holdings
Withdrawn status Lost status Damaged status Home library Current library Date acquired Full call number Accession Number Koha item type
Withdrawn     KAUAET Sanskrit University 07/04/2012 828.09 11653 Books
free website counter